000 004610000a22001930004500
999 _c48824
_d48824
001 1666
003 CO-MdFUSB
005 20170831194511.0
008 170831b xxu||||| |||| 00| 0 eng d
020 _a84-261-1406-7
040 _cCO-MdBIC
082 0 4 _a863H H42tf
100 1 _aHergé
245 1 0 _aLos cigarrillos del faraón / Hergé
260 _aBarcelona : Juventud
300 _a62 P.
650 1 4 _aLiteratura \ Historietas Belgas
942 _cLGB